| 000 | 01346naa a22003377a 4500 | ||
|---|---|---|---|
| 001 | BR8806176 | ||
| 003 | BR-BrBNA | ||
| 005 | 20240918180322.0 | ||
| 007 | ta | ||
| 008 | 230509b bl.||||| |||| 00| 0 por d | ||
| 040 |
_aBR-BrBNA _bpor _cBiblioteca Nacional de Agricultura |
||
| 041 | _a(Pt) | ||
| 072 |
_aL10; L53; E71 _b4900 _b3580 _b3590 |
||
| 090 | _aL10 BR8806176 | ||
| 100 | 1 | _aWarmling, J. | |
| 111 | 1 |
_a7. Congresso Brasileiro de Reproducao Animal _cBelo Horizonte, MG (Brazil) _d1987 |
|
| 245 | 1 | _a"Marketing" - Importacao e exportacao de materiais de multiplicacao animal | |
| 246 | 1 | _a[Import and export of propagation materials for animal multiplication] | |
| 246 | 1 | _a[7th Brazilian Congress of Animal Reproduction. Annals] | |
| 260 | 3 |
_aCampinas, SP (Brasil): _c1988. |
|
| 500 | _aLamounier, R.E.V. (ed.) 7. Congresso Brasileiro de Reproducao Animal. Anais Campinas, SP (Brasil): 1988. p. 303-324 (BR8806176-AM)L10 | ||
| 650 | _aANIMAL DOMESTICO | ||
| 650 | _aSEMEN | ||
| 650 | _aEMBRIAO | ||
| 650 | _aOVO | ||
| 650 | _aIMPORTACAO | ||
| 650 | _aEXPORTACAO | ||
| 773 | 0 |
_t7. Congresso Brasileiro de Reproducao Animal. Anais _aLamounier, R.E.V. (ed.). Fundacao Cargill, Campinas, SP (Brasil) _wL10 BR8806176 _gCampinas, SP (Brasil), 1988. p. 303-324 |
|
| 909 |
_a202404 _bLucia _c55 _dLucia Elande |
||
| 942 |
_cAM _2AGRIS |
||
| 999 |
_c319780 _d319780 |
||